00984 2200205 4500001002100000005001500021035002000036008004100056245007100097100002000168250000600188260003800194300001200232084001400244082000800258650001000266520047800276990001200754990001200766INLIS00000000000134820240517074712 a0010-0524000583240517 1 ind 1 aJejak Kala; Kematian Adalah Pertemuan Kembali /cAnindita S. Thayf aThayf, Anindita a1 aYogyakarta :bSheila/ Andi,c2009 a194 hlm a813 ANI j a813 4aFiksi aKematian adalah suatu pertemuan kembali. Takut adalah sifat dari yang hidup dan segala sesuatu yang kau tahu berawal dari ketidaktahuan.Jejak Kala adalah kisah mengharukan dari orang kecil yang selalu diremehkan dan dipandang rendah, namun ternyata sanggup memiliki jiwa besar dan hangat. Akankah si itik buruk rupa berubah menjadi angsa putih? Jejak Kala sungguh potret hidup yang jarang terjadi, novel yang sangat menyentuh dan mampu memberi inspirasi tentang arti hidup. a0741538 a0741539